| 000 | 00361nam a2200133Ia 4500 | ||
|---|---|---|---|
| 008 | 150202s9999 xx 000 0 und d | ||
| 020 | _a345385764 | ||
| 050 |
_aFIC _bFIC |
||
| 100 | _aLe Carre, John. | ||
| 245 | 4 |
_aThe night manager / _cJohn Le Carre. |
|
| 260 |
_aNew York : _bBallantine Books, _c1993. |
||
| 300 |
_a474 pages : _c18 cm. |
||
| 650 | _aFiction. | ||
| 999 |
_c282174 _d282174 |
||